000 00408nam a22001457a 4500
005 20200619113831.0
008 200619b xxu||||| |||| 00| 0 eng d
082 _a345.4 LIC
110 _aLABOUR AND INDUSTRIAL CASES
_95786
245 _aLABOUR AND INDUSTRIAL CASES [1885] LAB. I. C. [PART-1]
260 _aMUMBAI
_bALL INDIA REPORTER, PVT. LTD.
300 _a896;p
650 _aLAW
_95701
942 _cJRL
999 _c7291
_d7289